Eastern Utah Libraries Catalog: Duchesne, Heber, Roosevelt, & Vernal

The books of Clash : (Record no. 416187)

MARC details
000 -LEADER
fixed length control field 02453nam a2200565 i 4500
001 - CONTROL NUMBER
control field 1483080537
003 - CONTROL NUMBER IDENTIFIER
control field Ingram
005 - DATE AND TIME OF LATEST TRANSACTION
control field 20260204145955.0
007 - PHYSICAL DESCRIPTION FIXED FIELD--GENERAL INFORMATION
fixed length control field t|
008 - FIXED-LENGTH DATA ELEMENTS--GENERAL INFORMATION
fixed length control field 251204s2025 nyua c 6 000 1 eng d
020 ## - INTERNATIONAL STANDARD BOOK NUMBER
International Standard Book Number 9781250816337
Qualifying information hardcover
020 ## - INTERNATIONAL STANDARD BOOK NUMBER
International Standard Book Number 9781250816344
Qualifying information paperback
035 ## - SYSTEM CONTROL NUMBER
System control number (OCoLC)1483080537
040 ## - CATALOGING SOURCE
Original cataloging agency TnLvILS
Language of cataloging eng
Description conventions rda
Transcribing agency TnLvILS
Modifying agency TnLvILS
092 ## - LOCALLY ASSIGNED DEWEY CALL NUMBER (OCLC)
Classification number junior graphic
Item number Yang
100 1# - MAIN ENTRY--PERSONAL NAME
Personal name Yang, Gene Luen,
Relator term author.
Relator code aut.
9 (RLIN) 55222
245 14 - TITLE STATEMENT
Title The books of Clash :
Number of part/section of a work Volume 5 /
Statement of responsibility, etc Gene Luen Yang
246 30 - VARYING FORM OF TITLE
Title proper/short title Legendary legends of legendarious achievery.
Number of part/section of a work Volume 5.
246 14 - VARYING FORM OF TITLE
Title proper/short title Books of Clash.
Number of part/section of a work Vol. 5.
246 3# - VARYING FORM OF TITLE
Title proper/short title Books of Clash :
Remainder of title legendary legends of legendarious achievery.
Number of part/section of a work Volume Five.
250 ## - EDITION STATEMENT
Edition statement First edition.
264 #1 - Production, Publication, Distribution, Manufacture, and Copyright Notice.
Place of production, publication, distribution, manufacture New York :
Name of producer, publisher, distributor, manufacturer First Second,
Date of production, publication, distribution, manufacture, or copyr 2025.
300 ## - PHYSICAL DESCRIPTION
Extent 120 pages :
Other physical details chiefly color illustrations ;
Dimensions 22 cm.
336 ## - Content Type
Content type term text
336 ## - Content Type
Content type term still image
337 ## - Media type
Media type term unmediated
338 ## - Carrier type
Carrier type term volume
490 ## - SERIES STATEMENT
Series statement Books of Clash :
Volume number/sequential designation 5
500 ## - GENERAL NOTE
General note "Supercell."
520 ## - SUMMARY, ETC.
Summary, etc "All CJ wants to do after his first successful raid is join the rest of the goblins at a karaoke party. But according to his father, there's work to be done--a fearsome lava monster is hibernating under their village! While his friends are singing their favorite tunes, it's up to father and son to save them all! CJ wants to believe his dad, but he won't be sure until he goes underground to look for the monster himself"--
521 1# - TARGET AUDIENCE NOTE
Target audience note 008-012.
521 2# - TARGET AUDIENCE NOTE
Target audience note 3-7.
650 #0 - SUBJECT ADDED ENTRY--TOPICAL TERM
Topical term or geographic name as entry element Goblins
Form subdivision Comic books, strips, etc.
9 (RLIN) 6416033
650 #0 - SUBJECT ADDED ENTRY--TOPICAL TERM
Topical term or geographic name as entry element Fathers and sons
Form subdivision Comic books, strips, etc.
9 (RLIN) 6430631
650 #0 - SUBJECT ADDED ENTRY--TOPICAL TERM
Topical term or geographic name as entry element Monsters
Form subdivision Comic books, strips, etc.
9 (RLIN) 5692737
650 #1 - SUBJECT ADDED ENTRY--TOPICAL TERM
Topical term or geographic name as entry element Goblins
Form subdivision Fiction.
9 (RLIN) 5764480
650 #1 - SUBJECT ADDED ENTRY--TOPICAL TERM
Topical term or geographic name as entry element Fathers and sons
Form subdivision Fiction.
9 (RLIN) 5673789
650 #1 - SUBJECT ADDED ENTRY--TOPICAL TERM
Topical term or geographic name as entry element Monsters
Form subdivision Fiction.
9 (RLIN) 5674164
655 #7 - INDEX TERM--GENRE/FORM
Genre/form data or focus term Graphic novels.
Source of term lcgft.
655 #7 - INDEX TERM--GENRE/FORM
Genre/form data or focus term Comics (Graphic works)
Source of term lcgft.
9 (RLIN) 5689343
655 #7 - INDEX TERM--GENRE/FORM
Genre/form data or focus term Fantasy comics.
Source of term lcgft.
655 #7 - INDEX TERM--GENRE/FORM
Genre/form data or focus term Action and adventure comics.
Source of term lcgft.
9 (RLIN) 5716592
655 #7 - INDEX TERM--GENRE/FORM
Genre/form data or focus term Graphic novel adaptations.
Source of term lcgft.
9 (RLIN) 5803233
700 1# - ADDED ENTRY--PERSONAL NAME
Personal name Goode, Kendall,
Relator term penciler.
9 (RLIN) 6492251
700 1# - ADDED ENTRY--PERSONAL NAME
Personal name Acton, Alison,
Relator term inker.
9 (RLIN) 6469364
700 1# - ADDED ENTRY--PERSONAL NAME
Personal name Edwards, Karina,
Relator term colorist.
9 (RLIN) 6469365
700 1# - ADDED ENTRY--PERSONAL NAME
Personal name Campbell, Alex,
Dates associated with a name 1979-
Relator term colorist.
9 (RLIN) 6013898
710 2# - ADDED ENTRY--CORPORATE NAME
Corporate name or jurisdiction name as entry element Supercell.
9 (RLIN) 6469366
942 ## - ADDED ENTRY ELEMENTS (KOHA)
Source of classification or shelving scheme Dewey Decimal Classification
Koha item type BOOK
Holdings
Withdrawn status Lost status Source of classification or shelving scheme Damaged status Not for loan Collection code Home library Current library Shelving location Date acquired Source of acquisition Serial Enumeration / chronology Total Checkouts Total Renewals Full call number Barcode Date last seen Date checked out Cost, replacement price Price effective from Koha item type
    Dewey Decimal Classification     Junior Graphic Novels Wasatch County Library Wasatch County Library First Floor 02/04/2026 Amazon #5 Books of Clash 1 1 J GN Yang 34301002178558 02/24/2026 02/04/2026 26.99 02/04/2026 BOOK
This project was made possible through a grant from the Institute of Museum and Library Service administered by the Utah State Library Division.

Wasatch County Library

  • 465 East 1200 South, Heber City, Utah 84032
  • Phone 435-654-1511 | Fax 435-654-6456

Hours

  • Monday - Friday 9:30 AM - 8:00 PM
  • Saturday 9:30 AM - 1:30 PM
  • Closed Sundays and Holidays